MARC details
| 000 -CABECERA |
| campo de control de longitud fija |
00882cam a2200241 i 4500 |
| 001 - NÚMERO DE CONTROL |
| campo de control |
000018095 |
| 005 - FECHA Y HORA DE LA ÚLTIMA TRANSACCIÓN |
| campo de control |
20200929165342.0 |
| 008 - DATOS DE LONGITUD FIJA--INFORMACIÓN GENERAL |
| campo de control de longitud fija |
781027s1979 ja b 001 0 eng |
| 020 ## - NÚMERO INTERNACIONAL ESTÁNDAR DEL LIBRO |
| Número Internacional Estándar del Libro |
0870113399 : |
| 040 ## - FUENTE DE LA CATALOGACIÓN |
| Centro catalogador/agencia de origen |
DO-SdBNP |
| Centro/agencia transcriptor |
DLC |
| Centro/agencia modificador |
DLC |
| -- |
BNPHU |
| 041 17 - CÓDIGO DE LENGUA |
| Código de lengua del texto/banda sonora o título independiente |
eng |
| Fuente del código |
jpn |
| 082 ## - NÚMERO DE LA CLASIFICACIÓN DECIMAL DEWEY |
| Número de clasificación |
R 016.8956 |
| Número de documento/Ítem |
M689j |
| 049 ## - FONDOS LOCALES (OCLC) |
| Fondos de biblioteca |
BNRE |
| 110 2# - ENTRADA PRINCIPAL--NOMBRE DE ENTIDAD CORPORATIVA |
| Nombre de entidad corporativa o nombre de jurisdicción como elemento de entrada |
Kokusai Bunka Kaikan (Tokyo, Japan). |
| Unidad subordinada |
Toshoshitsu. |
| 9 (RLIN) |
39226 |
| 245 10 - MENCIÓN DE TÍTULO |
| Título |
Modern Japanese literature in translation : |
| Resto del título |
a bibliography. |
| 260 ## - PUBLICACIÓN, DISTRIBUCIÓN, ETC. |
| Lugar de publicación, distribución, etc. |
Tokyo ; |
| -- |
New York : |
| Nombre del editor, distribuidor, etc. |
Kodansha International ; |
| Lugar de publicación, distribución, etc. |
New York : |
| Nombre del editor, distribuidor, etc. |
through Harper & Row, |
| Fecha de publicación, distribución, etc. |
1979. |
| 300 ## - DESCRIPCIÓN FÍSICA |
| Extensión |
311 p. ; |
| Dimensiones |
27 cm. |
| 500 ## - NOTA GENERAL |
| Nota general |
Incluye índice de títulos. |
| 500 ## - NOTA GENERAL |
| Nota general |
Incluye índice de traducción. |
| 650 #4 - PUNTO DE ACCESO ADICIONAL DE MATERIA--TÉRMINO DE MATERIA |
| Término de materia o nombre geográfico como elemento de entrada |
Literatura japonesa |
| Subdivisión cronológica |
1868- |
| Subdivisión general |
Traducción |
| -- |
Bibliografía |
| 9 (RLIN) |
39227 |
| 710 1# - PUNTO DE ACCESO ADICIONAL--NOMBRE DE ENTIDAD CORPORATIVA |
| Nombre de entidad corporativa o nombre de jurisdicción como elemento de entrada |
International House of Japan Library, |
| Término indicativo de función/relación |
comp. |
| 9 (RLIN) |
39228 |
| 910 ## - DATOS DE OPCIÓN DEL USUARIO (OCLC) |
| Datos de opción del usuario |
Catalogación por copia / LC |